| 000 | 00424nam a2200169Ia 4500 | ||
|---|---|---|---|
| 008 | 230718s9999 xx 000 0 und d | ||
| 041 | _aeng | ||
| 082 |
_a604.20 _bDAB |
||
| 100 | _aDabhade M.L. | ||
| 245 | _aText Book Of Engineering Graphics-II | ||
| 250 | _a7th ed. | ||
| 260 |
_c2004 _bVision Publications |
||
| 300 | _a621 | ||
| 365 |
_cRs. _b300.00 |
||
| 700 | _aDabhade M.L. | ||
| 906 |
_d896/28.09.06 _cALLIED _b60 |
||
| 999 |
_c315390 _d315390 |
||